00338pab a2200133 454500008004000000100001600040245004200056260000900098300001500107362000800122650003000130650001200160773003200172180718b2011 xxu||||| |||| 00| 0 eng d aDala, Manju aA review of state finances in Haryana c2011 ap.249-275. aOct aFinance - India - Haryana aFinance aIndian Journal of Economics